000 00265nam a2200097Ia 4500
008 231107s2011 xx 000 0 und d
041 _aeng
100 _aJefferis Alan
245 _aArchitectural Drafting & Design
260 _aAustralia
_bDelmar Cengage Learning
_c2011
999 _c930755
_d930755